00867nam a22002417a 45000010005000000030006000050050017000110080041000280200018000690400030000870500017001170820008001341000026001422450045001682600051002133000043002644900024003075050008003315200202003395210029005415210020005707000035005908795FISKH20251021105151.0251021b cb ||||| |||| 00| 0 eng d a9781556617188 aFISKHbeng cFISKHdFISKH a PZ7.R2727 T a218 aReid, Mary Carpenter  aTwin trouble / cBy Mary Carpenter Reid  aMinnesota :bBethany House Publishers ,c1997. a80 pages : billustrations ;c19 cm .  aBackpack Mysteryv4 aR  aWhile visiting their cousins Belinda and Melinda, who work at a camping resort and tell people about Jesus, Steff and her younger sister Paulie investigate a theft and other suspicious occurrences.8 a700 bLexile estimate 8 aR bRaz-Plus  aTurnbaugh, Paul eIllustrator